[Event "SV Kamen 1 - SC Siegburg 1"]
[Site "NRW-Klasse. Gruppe 2 2017/201"]
[Date "2017.11.19"]
[Round "3.2"]
[White "Himmel, Hansjoerg"]
[Black "Andreev, Eduard"]
[Result "1/2-1/2"]
[WhiteElo "2205"]
[BlackElo "2383"]
[PlyCount "95"]
[EventDate "2017.??.??"]
[WhiteTeam "SV Kamen 1"]
[BlackTeam "SC Siegburg 1"]

1. e4 c5 2. Nf3 d6 3. Bb5+ Nd7 4. d4 cxd4 5. Qxd4 a6 6. Bxd7+ Bxd7 7. c4 Nf6 8.
Bg5 h6 9. Bd2 e5 10. Qd3 b5 11. Nc3 bxc4 12. Qxc4 Be7 13. O-O O-O 14. Rfe1 Qb8
15. b3 Qb7 16. Nh4 Kh7 17. Qd3 g6 18. h3 Bc6 19. Qe3 Ng8 20. Qg3 Bd8 21. Rad1
Qe7 22. Nf3 Rc8 23. Nh2 f5 24. Qd3 Bb7 25. exf5 gxf5 26. Nd5 Qg7 27. f3 Ne7 28.
Nxe7 Bxe7 29. Rc1 e4 30. Qe2 d5 31. fxe4 dxe4 32. Bf4 Bc5+ 33. Kh1 Rg8 34. Nf1
e3 35. Ng3 Qg6 36. Rg1 Bd6 37. Rxc8 Bxc8 38. Bxd6 Qxd6 39. Nh5 f4 40. Qf3 Qe5
41. Nxf4 Rf8 42. g3 Rf7 43. Kh2 Bb7 44. Qe2 Rxf4 45. gxf4 Qxf4+ 46. Rg3 Qf2+
47. Rg2 Qf4+ 48. Rg3 1/2-1/2

[Event "SV Kamen 1 - SC Siegburg 1"]
[Site "NRW-Klasse. Gruppe 2 2017/201"]
[Date "2017.11.19"]
[Round "3.3"]
[White "Schmidt, Bodo"]
[Black "Luetke, Jens"]
[Result "1/2-1/2"]
[WhiteElo "2285"]
[BlackElo "2173"]
[PlyCount "85"]
[EventDate "2017.??.??"]
[WhiteTeam "SC Siegburg 1"]
[BlackTeam "SV Kamen 1"]

1. d4 Nf6 2. Nf3 g6 3. c4 Bg7 4. Nc3 O-O 5. Bg5 d6 6. e3 h6 7. Bh4 c5 8. d5 Qa5
9. Nd2 Bf5 10. Be2 Qb4 11. Qc1 g5 12. a3 Qa5 13. Bg3 Nbd7 14. O-O Ne5 15. e4
Bd7 16. Bxe5 dxe5 17. Rd1 Ne8 18. b4 Qc7 19. bxc5 Qxc5 20. Nb3 Qb6 21. Rb1 Qc7
22. c5 f5 23. Qd2 fxe4 24. Nxe4 Rf4 25. Qe3 Bf5 26. f3 Nf6 27. Nxf6+ Bxf6 28.
Bd3 e4 29. fxe4 Qe5 30. g3 Rg4 31. Qf3 Rxe4 32. Bxe4 Bxe4 33. Qe3 Bxb1 34. Qxe5
Bxe5 35. Rxb1 Rc8 36. Kg2 g4 37. Re1 Bf6 38. Re4 h5 39. h3 gxh3+ 40. Kxh3 Kf7
41. a4 Rd8 42. Rb4 Rxd5 43. Rxb7 1/2-1/2

[Event "SV Kamen 1 - SC Siegburg 1"]
[Site "NRW-Klasse. Gruppe 2 2017/201"]
[Date "2017.11.19"]
[Round "3.4"]
[White "Kilian, Ralf"]
[Black "Kolkin, Michail"]
[Result "0-1"]
[WhiteElo "2126"]
[BlackElo "2304"]
[PlyCount "96"]
[EventDate "2017.??.??"]
[WhiteTeam "SV Kamen 1"]
[BlackTeam "SC Siegburg 1"]

1. d4 Nf6 2. c4 g6 3. Nf3 Bg7 4. g3 O-O 5. Bg2 d5 6. cxd5 Nxd5 7. O-O Nb6 8.
Nc3 Nc6 9. d5 Na5 10. e4 c6 11. dxc6 Nxc6 12. Qe2 Bg4 13. Be3 Nd4 14. Bxd4 Bxf3
15. Qxf3 Qxd4 16. Rac1 Qd2 17. Nd5 Nxd5 18. exd5 Rac8 19. Rxc8 Rxc8 20. d6 Qxd6
21. Qxb7 Qc7 22. Rd1 Qxb7 23. Bxb7 Rc2 24. Rd8+ Bf8 25. Ra8 e6 26. b4 Rxa2 27.
b5 Kg7 28. Rc8 Rb2 29. Ba6 Bb4 30. Rc7 Ba5 31. Rxa7 Bb6 32. Rb7 Bxf2+ 33. Kf1
Bd4 34. Rd7 Be3 35. Rd3 Bc5 36. Rc3 Bd4 37. Rd3 e5 38. h3 f5 39. Ke1 Kf6 40.
Kd1 Rb4 41. Kc2 e4 42. Rb3 Rxb3 43. Kxb3 Bf2 44. g4 f4 45. Kc2 g5 46. Bb7 Ke5
47. Kd1 h6 48. Ke2 Bb6 0-1

[Event "SV Kamen 1 - SC Siegburg 1"]
[Site "NRW-Klasse. Gruppe 2 2017/201"]
[Date "2017.11.19"]
[Round "3.5"]
[White "Varitski, Igor"]
[Black "Georg, Felix"]
[Result "1-0"]
[WhiteElo "2247"]
[BlackElo "2024"]
[Annotator "Daniel"]
[PlyCount "127"]
[EventDate "2017.??.??"]
[WhiteTeam "SC Siegburg 1"]
[BlackTeam "SV Kamen 1"]

1. e4 e5 2. Nf3 Nc6 3. d4 exd4 4. c3 d5 5. exd5 Qxd5 6. cxd4 Bg4 7. Be2 O-O-O
8. Nc3 Qf5 9. Be3 Nf6 10. O-O Nd5 11. Nxd5 Qxd5 12. Qa4 Bd6 13. Rfc1 Qa5 14.
Qd1 Ne7 15. a3 Nd5 16. h3 Nxe3 17. fxe3 Bf5 18. Nd2 Be6 19. Ne4 Be7 20. Bf3 f5
21. b4 Qb6 22. Nc5 Bd5 23. Bxd5 Rxd5 $11 24. e4 Rdd8 25. Qf3 fxe4 26. Qg4+ Kb8
27. Nd7+ Rxd7 28. Qxd7 Bf6 29. Ra2 Rd8 30. Qf5 Qxd4+ 31. Kh1 e3 32. Qxh7 Qf4
33. Qc2 Be5 34. g3 Qxg3 35. Qg2 Qf4 36. Re2 Rh8 37. Rf1 Qd4 38. Qf3 a6 39. Rxe3
Qb2 40. Qg2 Qd4 41. Rfe1 Bf6 42. Re8+ Rxe8 43. Rxe8+ Ka7 44. Qg1 Kb6 45. Qxd4+
Bxd4 46. Kg2 c5 47. Re4 Kb5 48. Kf3 cxb4 49. axb4 Bc3 50. Rg4 b6 51. Ke2 a5 52.
bxa5 bxa5 53. Kd3 Bf6 54. Rf4 Bb2 55. Rf2 Ba1 56. Rf1 Bf6 57. Rxf6 gxf6 58. h4
Kb4 59. h5 Kb3 60. h6 a4 61. h7 a3 62. h8=Q Kb2 63. Qb8+ Kc1 64. Qb3 1-0

[Event "SV Kamen 1 - SC Siegburg 1"]
[Site "NRW-Klasse. Gruppe 2 2017/201"]
[Date "2017.11.19"]
[Round "3.6"]
[White "Kleinegger, Frank"]
[Black "Okrajek, Alexander"]
[Result "0-1"]
[WhiteElo "2100"]
[BlackElo "2078"]
[PlyCount "134"]
[EventDate "2017.??.??"]
[WhiteTeam "SV Kamen 1"]
[BlackTeam "SC Siegburg 1"]

1. Nf3 Nf6 2. g3 d5 3. Bg2 Bg4 4. O-O Nbd7 5. d4 e6 6. Nbd2 Bd6 7. c4 c6 8. Qc2
O-O 9. e4 dxe4 10. Nxe4 Nxe4 11. Qxe4 Bf5 12. Qe2 h6 13. b3 Re8 14. Bb2 a5 15.
Nh4 Bh7 16. Be4 Bxe4 17. Qxe4 a4 18. Nf3 Qa5 19. Qc2 e5 20. c5 Bf8 21. Bc3 Qa6
22. b4 e4 23. Ne5 Nf6 24. Rae1 Nd5 25. Bd2 f6 26. Ng6 f5 27. g4 fxg4 28. Rxe4
Nf6 29. Re5 Rxe5 30. dxe5 Nd5 31. Qf5 Qe2 32. e6 Qf3 33. Qe5 Re8 34. Bxh6 Qf6
35. Qxf6 Nxf6 36. Bg5 Rxe6 37. Rd1 Nd5 38. Nf4 Nxf4 39. Bxf4 Re4 40. Be3 Rxb4
41. Rd8 Kf7 42. Kg2 Be7 43. Rb8 Ke6 44. Kg3 Bf6 45. Ra8 Be5+ 46. Kg2 Bd4 47.
Bxd4 Rxd4 48. Ra7 Kd5 49. Rxb7 Kxc5 50. Rxg7 Kb4 51. Kg3 c5 52. f4 gxf3 53. h4
c4 54. h5 c3 55. h6 f2 56. Kxf2 Rh4 57. h7 Ka3 58. Ke3 Kb2 59. Rb7+ Kc2 60. Ke2
Rh3 61. Ke1 Kc1 62. Rc7 c2 63. Rb7 a3 64. Ke2 Rh6 65. Rc7 Rh2+ 66. Kd3 Kd1 67.
Rxc2 Rh3+ 0-1

[Event "SV Kamen 1 - SC Siegburg 1"]
[Site "NRW-Klasse. Gruppe 2 2017/201"]
[Date "2017.11.19"]
[Round "3.7"]
[White "Breest, Axel"]
[Black "Seepe, Udo"]
[Result "1/2-1/2"]
[WhiteElo "1872"]
[BlackElo "2046"]
[PlyCount "41"]
[EventDate "2017.??.??"]
[WhiteTeam "SC Siegburg 1"]
[BlackTeam "SV Kamen 1"]

1. e4 c5 2. Nc3 g6 3. f4 Bg7 4. Nf3 Nc6 5. a3 e6 6. d4 cxd4 7. Nb5 d6 8. Nfxd4
Nxd4 9. Nxd4 a6 10. c3 Ne7 11. Bd3 O-O 12. Be3 e5 13. fxe5 dxe5 14. Nf3 Qc7 15.
O-O Be6 16. Qe1 f6 17. Qe2 Rad8 18. a4 Rxd3 19. Qxd3 Bc4 20. Qc2 Bxf1 21. Rxf1
1/2-1/2

[Event "SV Kamen 1 - SC Siegburg 1"]
[Site "NRW-Klasse. Gruppe 2 2017/201"]
[Date "2017.11.19"]
[Round "3.8"]
[White "Georg, Heinz"]
[Black "Steffens, Klaus"]
[Result "1-0"]
[WhiteElo "2084"]
[BlackElo "1864"]
[PlyCount "91"]
[EventDate "2017.??.??"]
[WhiteTeam "SV Kamen 1"]
[BlackTeam "SC Siegburg 1"]

1. e4 e5 2. Nf3 d6 3. d4 exd4 4. Nxd4 g6 5. Bc4 Bg7 6. O-O Nf6 7. Nc3 O-O 8. h3
c6 9. Bb3 Nbd7 10. Re1 Nc5 11. Bg5 Re8 12. f3 Ne6 13. Nxe6 Bxe6 14. Qd2 Qb6+
15. Be3 Qc7 16. Qf2 b5 17. Rad1 Rec8 18. Bxe6 fxe6 19. e5 dxe5 20. Bc5 Bf8 21.
Re2 Rd8 22. Rxd8 Rxd8 23. Bxf8 Kxf8 24. Qc5+ Qd6 25. Qxe5 Qxe5 26. Rxe5 Ke7 27.
Re2 Nd5 28. Ne4 Nf4 29. Re1 h6 30. Kh2 g5 31. g3 Ng6 32. Kg2 Rd5 33. Kf2 e5 34.
Ke3 Ke6 35. Rc1 Ne7 36. c4 bxc4 37. Rxc4 Ra5 38. a4 Nf5+ 39. Kf2 Nd4 40. Nc3 c5
41. g4 Nb3 42. Ke3 Ra6 43. Nb5 Rb6 44. Rc3 a6 45. Rxb3 c4 46. Nc7+ 1-0

[Event "SVG Plettenberg 1 - SF Essen-Katernberg"]
[Site "NRW-Klasse. Gruppe 2 2017/201"]
[Date "2017.11.19"]
[Round "3.1"]
[White "Bee, Marcus"]
[Black "Haub, Thorsten Michael"]
[Result "0-1"]
[WhiteElo "2110"]
[BlackElo "2368"]
[PlyCount "42"]
[EventDate "2017.??.??"]
[WhiteTeam "SF Essen-Katernberg  2"]
[BlackTeam "SVG Plettenberg 1"]

1. d4 d6 2. e4 g6 3. Nc3 Bg7 4. g3 Nc6 5. Be3 Nf6 6. h3 O-O 7. Bg2 e5 8. Nge2
Re8 9. O-O exd4 10. Nxd4 Bd7 11. Re1 a6 12. a4 Rb8 13. f4 Na5 14. Qd3 c5 15.
Nde2 Bc6 16. b3 Qe7 17. e5 dxe5 18. fxe5 Rbd8 19. exf6 Bxf6 20. Nd5 Bxd5 21.
Bxd5 Rxd5 0-1

[Event "SVG Plettenberg 1 - SF Essen-Katernberg"]
[Site "NRW-Klasse. Gruppe 2 2017/201"]
[Date "2017.11.19"]
[Round "3.2"]
[White "Bosch, Jeroen"]
[Black "Gassmann, Volker"]
[Result "1-0"]
[WhiteElo "2409"]
[BlackElo "2109"]
[PlyCount "65"]
[EventDate "2017.??.??"]
[WhiteTeam "SVG Plettenberg 1"]
[BlackTeam "SF Essen-Katernberg  2"]

1. e4 c6 2. d4 d5 3. exd5 cxd5 4. Bf4 Nc6 5. c3 Nf6 6. Nd2 g6 7. Be2 Bg7 8. h3
O-O 9. Ngf3 Qb6 10. Qb3 Qxb3 11. axb3 Bf5 12. O-O h6 13. Rfe1 Rfc8 14. b4 a6
15. Bf1 Kf8 16. Bh2 g5 17. g4 Be6 18. Bd3 Nd7 19. Nb3 Bf6 20. Nfd2 h5 21. f3
hxg4 22. hxg4 Kg7 23. Nf1 Nd8 24. Ng3 Kf8 25. Kg2 Nb6 26. Nc5 Nc4 27. Bxc4 dxc4
28. d5 Bxd5 29. Nd7+ Kg7 30. Nf5+ Kh8 31. Nxf6 exf6 32. Re8+ Kh7 33. Rh1 1-0

[Event "SVG Plettenberg 1 - SF Essen-Katernberg"]
[Site "NRW-Klasse. Gruppe 2 2017/201"]
[Date "2017.11.19"]
[Round "3.3"]
[White "Dette, Jan"]
[Black "Klip, Hans"]
[Result "1-0"]
[WhiteElo "2032"]
[BlackElo "2302"]
[PlyCount "65"]
[EventDate "2017.??.??"]
[WhiteTeam "SF Essen-Katernberg  2"]
[BlackTeam "SVG Plettenberg 1"]

1. f4 d5 2. Nf3 Bg4 3. e3 Nd7 4. h3 Bxf3 5. Qxf3 e5 6. Qxd5 Qh4+ 7. Kd1 O-O-O
8. fxe5 Qe7 9. Qa5 Kb8 10. b3 Nh6 11. Bb2 Qg5 12. Nc3 Nf5 13. Nb5 Bc5 14. Qxc7+
Ka8 15. Nd6 Bxd6 16. exd6 Ng3 17. Rg1 Nxf1 18. Rxf1 Qxg2 19. Rxf7 Qxh3 20. Qc4
Qh5+ 21. Kc1 Rc8 22. Qf1 Qg6 23. Bc3 Qxd6 24. Kb2 h5 25. Qb5 Nb6 26. Rg1 a6 27.
Qe5 Qc6 28. Rgxg7 Rhe8 29. Qxh5 Na4+ 30. bxa4 Qb6+ 31. Kc1 Rxe3 32. dxe3 Rxc3
33. Qh8+ 1-0

[Event "SVG Plettenberg 1 - SF Essen-Katernberg"]
[Site "NRW-Klasse. Gruppe 2 2017/201"]
[Date "2017.11.19"]
[Round "3.4"]
[White "Schulze, Marc"]
[Black "Schimnatkowski, Lukas"]
[Result "0-1"]
[WhiteElo "2153"]
[BlackElo "2031"]
[PlyCount "78"]
[EventDate "2017.??.??"]
[WhiteTeam "SVG Plettenberg 1"]
[BlackTeam "SF Essen-Katernberg  2"]

1. b4 e5 2. Bb2 d6 3. c4 Nf6 4. e3 Be7 5. Nf3 O-O 6. Be2 Re8 7. O-O h6 8. d4 e4
9. Nfd2 d5 10. Qb3 c6 11. Nc3 Be6 12. a4 Bd6 13. Rfc1 dxc4 14. Bxc4 Nbd7 15. h3
Nb6 16. Bxe6 Rxe6 17. b5 Rc8 18. bxc6 bxc6 19. a5 Nbd5 20. Nxd5 Nxd5 21. Ba3
Bb8 22. Nc4 Rg6 23. Qc2 Qh4 24. Ne5 Rg5 25. Kh1 Bxe5 26. dxe5 Rxe5 27. Bd6 Re6
28. Bg3 Qe7 29. Rcb1 Nb4 30. Qc4 Nd3 31. a6 Qc5 32. Qxc5 Nxc5 33. Rb7 Ra8 34.
Rc7 Nd3 35. Rb1 c5 36. Rbb7 Rxa6 37. Rxf7 Rg6 38. Rfe7 a5 39. Rxe4 Rxg3 0-1

[Event "SVG Plettenberg 1 - SF Essen-Katernberg"]
[Site "NRW-Klasse. Gruppe 2 2017/201"]
[Date "2017.11.19"]
[Round "3.5"]
[White "Krueger, Erich"]
[Black "Wedda, Dries"]
[Result "1-0"]
[WhiteElo "2073"]
[BlackElo "2134"]
[PlyCount "109"]
[EventDate "2017.??.??"]
[WhiteTeam "SF Essen-Katernberg  2"]
[BlackTeam "SVG Plettenberg 1"]

1. d4 Nf6 2. c4 g6 3. Nc3 d5 4. cxd5 Nxd5 5. Bd2 Nb6 6. Nf3 Bg7 7. e3 O-O 8.
Be2 Nc6 9. O-O e5 10. dxe5 Nxe5 11. Nxe5 Bxe5 12. Qc2 c6 13. Rad1 Be6 14. Ne4
Qe7 15. a3 Bf5 16. Bd3 Rfd8 17. Bb4 Qc7 18. f4 Bxe4 19. Bxe4 Bg7 20. Bf3 Rd7
21. Rxd7 Nxd7 22. Rd1 Nf6 23. Bd6 Qb6 24. Bc5 Qc7 25. Bd6 Qb6 26. Bc5 Qc7 27.
Qd2 Re8 28. b4 Bf8 29. Bxf8 Kxf8 30. Qd4 Qe7 31. e4 c5 32. bxc5 Rc8 33. e5 Ne8
34. Rc1 b6 35. c6 Qxa3 36. Rd1 Qe7 37. g3 Rc7 38. Kg2 Ng7 39. Qd8+ Qxd8 40.
Rxd8+ Ke7 41. Rh8 h5 42. Bd5 Nf5 43. Kf2 Nd4 44. Rh7 Ne6 45. Ke3 a5 46. h3 a4
47. g4 a3 48. f5 Rxc6 49. fxe6 Rc5 50. Rxf7+ Ke8 51. Kd4 Rc1 52. Ra7 Rd1+ 53.
Kc4 b5+ 54. Kc5 b4 55. Bc6+ 1-0

[Event "SVG Plettenberg 1 - SF Essen-Katernberg"]
[Site "NRW-Klasse. Gruppe 2 2017/201"]
[Date "2017.11.19"]
[Round "3.7"]
[White "Nautsch, Werner"]
[Black "Winterkamp, Sascha"]
[Result "1/2-1/2"]
[WhiteElo "2065"]
[BlackElo "1951"]
[PlyCount "95"]
[EventDate "2017.??.??"]
[WhiteTeam "SF Essen-Katernberg  2"]
[BlackTeam "SVG Plettenberg 1"]

1. f4 g6 2. Nf3 d6 3. g3 b6 4. Bg2 Bb7 5. O-O Bg7 6. Nc3 e6 7. d3 Nd7 8. e4 Ne7
9. Bd2 h6 10. Qe2 a6 11. Rae1 c5 12. Nh4 Nc6 13. f5 Nde5 14. fxg6 fxg6 15. Bh3
Nd4 16. Qd1 h5 17. Ne2 g5 18. Nxd4 cxd4 19. Nf3 g4 20. Nxe5 Bxe5 21. Bg2 Qe7
22. c4 Kd7 23. Bf4 Raf8 24. Bxe5 dxe5 25. Rxf8 Rxf8 26. Rf1 Rxf1+ 27. Bxf1 Qg5
28. Qe1 a5 29. b3 Bc6 30. a3 Kc7 31. b4 axb4 32. axb4 Be8 33. Qf2 Qh6 34. h3
gxh3 35. Bxh3 Kd6 36. Kh2 Ke7 37. Qc2 h4 38. Qf2 hxg3+ 39. Kxg3 Qg5+ 40. Kh2
Bh5 41. Bf1 Bg4 42. Qg3 Kd6 43. Kg1 Qh5 44. Kf2 Bd1 45. Qg8 Ke7 46. Qg7+ Ke8
47. Qg8+ Ke7 48. Qg7+ 1/2-1/2

[Event "SVG Plettenberg 1 - SF Essen-Katernberg"]
[Site "NRW-Klasse. Gruppe 2 2017/201"]
[Date "2017.11.19"]
[Round "3.8"]
[White "Noelke, Manfred"]
[Black "Rosen, Willy"]
[Result "0-1"]
[WhiteElo "1945"]
[BlackElo "2084"]
[PlyCount "42"]
[EventDate "2017.??.??"]
[WhiteTeam "SVG Plettenberg 1"]
[BlackTeam "SF Essen-Katernberg  2"]

1. d4 Nf6 2. Bf4 e6 3. Nf3 c5 4. e3 b6 5. Nbd2 Bb7 6. Bd3 Be7 7. c3 cxd4 8.
exd4 Nd5 9. Bxb8 Rxb8 10. O-O O-O 11. a4 f5 12. Re1 Rf6 13. Nf1 Nf4 14. Re3 Rh6
15. Ng3 Bd6 16. Bf1 g5 17. Bc4 Qf6 18. Qd2 g4 19. Ne1 Qh4 20. d5 Qxh2+ 21. Kf1
Qh1+ 0-1

[Event "SG Ennepe-Ruhr-Süd 1 - SV Letmathe 1"]
[Site "NRW-Klasse. Gruppe 2 2017/201"]
[Date "2017.11.19"]
[Round "3.1"]
[White "Kolosowski, Mateusz"]
[Black "Lupor, Stefan"]
[Result "1-0"]
[WhiteElo "2434"]
[BlackElo "2256"]
[PlyCount "45"]
[EventDate "2017.??.??"]
[WhiteTeam "SV Letmathe 1"]
[BlackTeam "SG Ennepe-Ruhr-Süd 1"]

1. d4 Nf6 2. c4 g6 3. Nf3 Bg7 4. e3 O-O 5. Be2 d5 6. cxd5 Nxd5 7. e4 Nb6 8. O-O
c5 9. d5 e6 10. Bg5 Qd6 11. Nc3 exd5 12. exd5 Bf5 13. Qd2 Na6 14. Bf4 Qd8 15.
Rad1 Re8 16. d6 Nb4 17. Nb5 N4d5 18. Bg3 a6 19. Nc7 Nxc7 20. dxc7 Qxd2 21. Rxd2
Na4 22. Bc4 Be4 23. Ng5 1-0

[Event "SG Ennepe-Ruhr-Süd 1 - SV Letmathe 1"]
[Site "NRW-Klasse. Gruppe 2 2017/201"]
[Date "2017.11.19"]
[Round "3.2"]
[White "Lupor, André"]
[Black "Podzielny, Karl-Heinz"]
[Result "0-1"]
[WhiteElo "2219"]
[BlackElo "2350"]
[PlyCount "124"]
[EventDate "2017.??.??"]
[WhiteTeam "SG Ennepe-Ruhr-Süd 1"]
[BlackTeam "SV Letmathe 1"]

1. d4 Nf6 2. c4 g6 3. Nc3 Bg7 4. e4 d6 5. Nf3 O-O 6. Be2 c6 7. O-O a6 8. Re1 b5
9. e5 dxe5 10. dxe5 Ng4 11. Qxd8 Rxd8 12. Bf4 Nd7 13. Rad1 Rf8 14. Bf1 Nc5 15.
h3 Ne6 16. Bc1 Nh6 17. b4 Ra7 18. a3 Rd7 19. Rxd7 Bxd7 20. a4 bxa4 21. Nxa4 Rb8
22. Bd2 Nf5 23. c5 Nc7 24. Nb6 Be8 25. g4 Nh6 26. Nd4 Rd8 27. Nb3 Nb5 28. Bg5
f6 29. exf6 exf6 30. Bf4 Bf7 31. Na5 Nd4 32. Bg2 g5 33. Bd6 Re8 34. Rd1 f5 35.
Nxc6 Ne2+ 36. Kf1 Nc3 37. Re1 fxg4 38. Rxe8+ Bxe8 39. Ne7+ Kf7 40. Ned5 Bb5+
41. Kg1 Ne2+ 42. Kh2 gxh3 43. Bxh3 g4 44. Bf1 Nf5 45. Bb8 Nfd4 46. Nf4 Nc3 47.
Bxb5 axb5 48. Nbd5 Nc6 49. Bd6 Ne4 50. Nd3 Nd4 51. Bf4 Ke6 52. Nc7+ Kd7 53. Nd5
h5 54. Kg2 Nf5 55. Kf1 Kc6 56. Nb6 h4 57. Be5 Nd2+ 58. Ke2 Nf3 59. Bxg7 Nxg7
60. Nf4 h3 61. Kf1 Nf5 62. Nfd5 N5h4 0-1

[Event "SG Ennepe-Ruhr-Süd 1 - SV Letmathe 1"]
[Site "NRW-Klasse. Gruppe 2 2017/201"]
[Date "2017.11.19"]
[Round "3.3"]
[White "Adamski, Jan"]
[Black "Arndt, Stefan"]
[Result "1-0"]
[WhiteElo "2229"]
[BlackElo "2160"]
[PlyCount "133"]
[EventDate "2017.??.??"]
[WhiteTeam "SV Letmathe 1"]
[BlackTeam "SG Ennepe-Ruhr-Süd 1"]

1. c4 e5 2. Nc3 Nf6 3. Nf3 e4 4. Ng5 c6 5. d3 d5 6. cxd5 cxd5 7. dxe4 d4 8. Qb3
Qd7 9. Nd5 Nxd5 10. exd5 Na6 11. Bd2 Be7 12. g3 O-O 13. Bh3 Qd8 14. Bxc8 Bxg5
15. Bxg5 Qxg5 16. Bh3 Rad8 17. Bg2 d3 18. Qxd3 Nb4 19. Qb3 Nxd5 20. O-O Nf6 21.
Qxb7 a5 22. Qb3 Rd2 23. Bf3 h5 24. Rfd1 Rxd1+ 25. Rxd1 h4 26. Qe3 Qxe3 27. fxe3
hxg3 28. hxg3 Rb8 29. b3 Kf8 30. Rc1 Rb5 31. Kf2 Ke7 32. Rc7+ Ke6 33. Rc6+ Ke7
34. a4 Rf5 35. Rc4 g5 36. Kg2 Re5 37. Kf2 Rf5 38. g4 Re5 39. b4 axb4 40. Rxb4
Ra5 41. Ke1 Nd7 42. Bc6 Ne5 43. Bf3 f6 44. Kd2 Rc5 45. Rb7+ Kd6 46. Rb6+ Ke7
47. Ra6 Rc4 48. Ra5 Kd6 49. Rd5+ Ke7 50. Rd4 Rc5 51. Rb4 Kd6 52. Bb7 Rc4 53.
Rxc4 Nxc4+ 54. Kc3 Kc5 55. Bf3 Nxe3 56. a5 Nc4 57. a6 Nd6 58. Kd3 Nb5 59. e3
Na7 60. Ke4 Kd6 61. Kf5 Ke7 62. Bd5 Nc8 63. e4 Nd6+ 64. Kg6 Nc8 65. Bb7 Na7 66.
Kf5 Nb5 67. e5 1-0

[Event "SG Ennepe-Ruhr-Süd 1 - SV Letmathe 1"]
[Site "NRW-Klasse. Gruppe 2 2017/201"]
[Date "2017.11.19"]
[Round "3.4"]
[White "Tripolsky, Eugen"]
[Black "Schleining, Zoya"]
[Result "1/2-1/2"]
[WhiteElo "2214"]
[BlackElo "2376"]
[PlyCount "129"]
[EventDate "2017.??.??"]
[WhiteTeam "SG Ennepe-Ruhr-Süd 1"]
[BlackTeam "SV Letmathe 1"]

1. c4 b6 2. d4 e6 3. e4 Bb7 4. Bd3 Bb4+ 5. Bd2 Bxd2+ 6. Qxd2 Nc6 7. Nf3 Qf6 8.
e5 Qh6 9. Nc3 Qxd2+ 10. Kxd2 O-O-O 11. Rac1 f5 12. d5 Nce7 13. d6 cxd6 14. Nb5
Bxf3 15. Nxd6+ Kb8 16. gxf3 Nh6 17. c5 f4 18. cxb6 axb6 19. Rc4 Nc6 20. Re1
Rhf8 21. Bxh7 Nf7 22. Nxf7 Rxf7 23. Bg6 Rff8 24. h4 Ne7 25. Be4 Rh8 26. Rh1 Rh5
27. Rb4 d5 28. Bd3 Kb7 29. Rxf4 Rd7 30. Rg4 Nf5 31. Bxf5 Rxf5 32. f4 Kc6 33.
Rc1+ Kb5 34. Kd3 Ra7 35. a3 Ra4 36. Ke3 Re4+ 37. Kf3 Rexe5 38. Rg5 Re4 39. Rxf5
exf5 40. Rg1 Re7 41. Rg5 Kc4 42. Rxf5 Kd4 43. Re5 Rc7 44. Re3 b5 45. Rb3 Rb7
46. Ke2 Kc4 47. Rb4+ Kc5 48. Kd3 g6 49. f5 gxf5 50. Rf4 Rh7 51. b4+ Kd6 52.
Rxf5 Rxh4 53. f4 Ke6 54. Rf8 Ke7 55. Rb8 Rxf4 56. Rxb5 Kd6 57. Ra5 Ke5 58. Ra8
Rf3+ 59. Kc2 Kd4 60. b5 Kc4 61. b6 Rf2+ 62. Kc1 Rf1+ 63. Kc2 Rf2+ 64. Kc1 Rf1+
65. Kc2 1/2-1/2

[Event "SG Ennepe-Ruhr-Süd 1 - SV Letmathe 1"]
[Site "NRW-Klasse. Gruppe 2 2017/201"]
[Date "2017.11.19"]
[Round "3.5"]
[White "Soukup, Jiri"]
[Black "Osswald, Luis Monty"]
[Result "1-0"]
[WhiteElo "2355"]
[BlackElo "2094"]
[PlyCount "65"]
[EventDate "2017.??.??"]
[WhiteTeam "SV Letmathe 1"]
[BlackTeam "SG Ennepe-Ruhr-Süd 1"]

1. e4 c5 2. Nf3 Nc6 3. b3 Nf6 4. e5 Nd5 5. Bb2 Nf4 6. g3 Ne6 7. c3 d5 8. d4
cxd4 9. cxd4 g5 10. Bg2 g4 11. Nh4 Ng5 12. O-O Be6 13. Nc3 Qd7 14. a4 a5 15.
Ne2 Nh3+ 16. Kh1 Bh6 17. Bc1 Bg7 18. Be3 f6 19. exf6 Bxf6 20. Qd2 Bxh4 21. gxh4
Bf5 22. Nc3 Nb4 23. f3 Rg8 24. fxg4 Bxg4 25. Rac1 Ra6 26. Bf4 Rc6 27. Bg3 Bf5
28. Rce1 Rcg6 29. Re5 Bg4 30. Nxd5 Nxd5 31. Rxd5 Rd6 32. Bxd6 Be6 33. Rxa5 1-0

[Event "SG Ennepe-Ruhr-Süd 1 - SV Letmathe 1"]
[Site "NRW-Klasse. Gruppe 2 2017/201"]
[Date "2017.11.19"]
[Round "3.6"]
[White "Heller, Achim"]
[Black "Gruermann, Martin"]
[Result "0-1"]
[WhiteElo "2055"]
[BlackElo "2201"]
[Annotator "Daniel"]
[PlyCount "104"]
[EventDate "2017.??.??"]
[WhiteTeam "SG Ennepe-Ruhr-Süd 1"]
[BlackTeam "SV Letmathe 1"]

1. d4 d5 2. c4 Nc6 3. Nc3 Nf6 4. Nf3 Bg4 5. cxd5 Bxf3 6. gxf3 Nxd5 7. e4 Nxc3
8. bxc3 e5 9. Rb1 Bd6 10. Rxb7 O-O 11. Qa4 Ne7 12. Bc4 Nc8 13. Bd5 Nb6 14. Rxb6
axb6 15. Bxa8 Qxa8 16. Qb3 Qa6 17. d5 Ra8 18. Be3 Qd3 19. Qb2 Ra3 20. Qe2 Qxc3+
21. Kf1 Qa5 22. Kg2 Rxa2 23. Qc4 Qa4 24. Qc3 Qa3 25. Qc4 b5 26. Qc1 Qa4 27. Rg1
Qc2 28. Qf1 Qe2 29. Qxe2 Rxe2 30. Rb1 b4 31. f4 f6 32. fxe5 fxe5 33. Kf3 $11
Rc2 34. Rb3 Kf7 35. h3 Ke7 36. Kg4 Kd7 37. Kf5 Rc4 38. f3 Rc3 39. Rxc3 bxc3 40.
Bc1 Ke7 41. h4 g6+ 42. Kg5 Kf7 43. Kg4 h5+ 44. Kg3 Ke8 45. Kf2 Kd7 46. Kg3 Be7
47. f4 exf4+ 48. Kxf4 Bxh4 49. e5 Be1 50. e6+ Ke8 51. Ba3 Bd2+ 52. Ke5 c2 0-1

[Event "SG Ennepe-Ruhr-Süd 1 - SV Letmathe 1"]
[Site "NRW-Klasse. Gruppe 2 2017/201"]
[Date "2017.11.19"]
[Round "3.7"]
[White "Pfleger, Sascha"]
[Black "Bruchmann, Norbert"]
[Result "1-0"]
[WhiteElo "1999"]
[BlackElo "1987"]
[PlyCount "79"]
[EventDate "2017.??.??"]
[WhiteTeam "SV Letmathe 1"]
[BlackTeam "SG Ennepe-Ruhr-Süd 1"]

1. d4 e6 2. c4 Nf6 3. Nf3 Bb4+ 4. Nbd2 O-O 5. Qc2 d5 6. a3 Bxd2+ 7. Bxd2 Ne4 8.
e3 Nd7 9. Rc1 c6 10. Bd3 f5 11. O-O Qf6 12. Ba5 Qh6 13. Bc7 g5 14. Ne5 g4 15.
Nxd7 Bxd7 16. Bf4 Ng5 17. f3 gxf3 18. Kh1 Rf6 19. Rxf3 Kf7 20. Rg3 Rg8 21. Rf1
Rfg6 22. cxd5 cxd5 23. Qc7 Ke8 24. Qe5 Qh5 25. Qb8+ Ke7 26. Qxb7 Ne4 27. Qb4+
Kf7 28. Rxg6 Qxg6 29. Bxe4 dxe4 30. Qd2 Rc8 31. Bd6 Bb5 32. Rc1 Rxc1+ 33. Qxc1
Qg4 34. Qc7+ Kg6 35. h3 Qd1+ 36. Kh2 Be8 37. Be5 h6 38. Qe7 Ba4 39. Qxe6+ Kg5
40. Bf4+ 1-0

[Event "SG Ennepe-Ruhr-Süd 1 - SV Letmathe 1"]
[Site "NRW-Klasse. Gruppe 2 2017/201"]
[Date "2017.11.19"]
[Round "3.8"]
[White "Schaefer, Martin"]
[Black "Hunold, Rolf"]
[Result "0-1"]
[WhiteElo "1943"]
[BlackElo "1943"]
[PlyCount "128"]
[EventDate "2017.??.??"]
[WhiteTeam "SG Ennepe-Ruhr-Süd 1"]
[BlackTeam "SV Letmathe 1"]

1. d4 Nf6 2. c4 e6 3. Nf3 b6 4. g3 Bb7 5. Bg2 Bb4+ 6. Bd2 Qe7 7. O-O Bxd2 8.
Qxd2 O-O 9. Nc3 d6 10. Rfe1 Ne4 11. Nxe4 Bxe4 12. Qf4 f5 13. h4 Nd7 14. Rac1 e5
15. Qg5 Rae8 16. Qxe7 Rxe7 17. b4 Rfe8 18. dxe5 Nxe5 19. Nd4 Bxg2 20. Nxf5 Rf7
21. Nxd6 cxd6 22. Kxg2 Rc7 23. f4 Nxc4 24. Kf2 b5 25. Rc3 Rce7 26. a4 a6 27.
axb5 axb5 28. Rd3 Re4 29. Rd5 Na3 30. Rxd6 Nc2 31. Rc1 Rxe2+ 32. Kf3 h5 33. f5
R2e3+ 34. Kf4 R8e4+ 35. Kg5 Rxg3+ 36. Kxh5 Rgg4 37. f6 Rxh4+ 38. Kg6 Reg4+ 39.
Kf5 Ne3+ 40. Ke6 Re4+ 41. Kd7 Nc4 42. Ra6 Ne5+ 43. Kd6 Nf7+ 44. Kd7 Rd4+ 45.
Kc6 Ne5+ 46. Kb7 g5 47. Rc7 Rd7 48. Re6 Rxc7+ 49. Kxc7 Nf7 50. Kd7 Rd4+ 51. Ke7
Rxb4 52. Re1 g4 53. Ke6 g3 54. Kf5 g2 55. Rg1 Nd6+ 56. Ke6 Rg4 57. Kxd6 Kf7 58.
Ke5 b4 59. Kf5 Rg6 60. Ke4 b3 61. Kd3 Rg3+ 62. Kd2 Kxf6 63. Ke2 b2 64. Kf2 Rc3
0-1

[Event "LSV Turm Lippstadt 1 - SV Letmathe 1"]
[Site "NRW-Klasse. Gruppe 2 2017/201"]
[Date "2017.12.17"]
[Round "4.1"]
[White "Kolosowski, Mateusz"]
[Black "Wehmeier, Stefan"]
[Result "1-0"]
[WhiteElo "2434"]
[BlackElo "2345"]
[PlyCount "65"]
[EventDate "2017.??.??"]
[WhiteTeam "SV Letmathe 1"]
[BlackTeam "LSV Turm Lippstadt 1"]

1. d4 d5 2. c4 e6 3. Nf3 Nc6 4. Nc3 Be7 5. Bf4 Nf6 6. e3 O-O 7. Be2 dxc4 8.
Bxc4 Nd5 9. Bg3 Nxc3 10. bxc3 Bd6 11. e4 Na5 12. Bd3 c5 13. e5 Be7 14. h4 h5
15. Bf4 Qd5 16. Bg5 Bxg5 17. Nxg5 g6 18. Ne4 Kg7 19. Nf6 Qc6 20. Be4 Qc7 21.
Rh3 Rh8 22. g4 Nc4 23. gxh5 Bd7 24. hxg6 cxd4 25. Nh5+ Kg8 26. g7 Rh6 27. Nf6+
Kxg7 28. Qg4+ Kf8 29. Qg8+ Ke7 30. Qxa8 Qxe5 31. Ng8+ Kd6 32. Qb8+ Kc5 33.
Qxe5+ 1-0